Statistics for Random Capitals

Click here to take the quiz!

General Stats

  • This quiz has been taken 39 times
    (33 since last reset)
  • The average score is 28 of 30

Answer Stats

HintAnswer% Correct
GermanyBerlin
100%
IrelandDublin
100%
PortugalLisbon
100%
EnglandLondon
100%
SpainMadrid
100%
FranceParis
100%
ItalyRome
100%
GreeceAthens
97%
MexicoMexico
97%
RussiaMoscow
97%
IndiaNew Delhi
97%
JapanTokyo
97%
AustriaVienna
97%
UsaWashington DC
97%
ChinaBeijing
93%
BrazilBrasilia
93%
ArgentinaBuenos Aires
93%
EgyptCairo
93%
AustraliaCanberra
93%
SyriaDamascus
93%
PanamaPanama
93%
PolandWarsaw
93%
New ZealandWellington
93%
Saudi ArabiaRiyadh
90%
ChileSantiago
90%
UAEAbu Dhabi
86%
South AfricaPretoria
86%
WalesCardiff
83%
ScotlandEdinburgh
83%
TanzaniaDodoma
45%

Score Distribution

Percentile by Number Answered

Percent of People with Each Score

Your Score History

You have not taken this quiz since the last reset